Países más cercanos a Irán - Estadísticas

Estadísticas generales
  • Esta prueba ha sido intentada 104 veces
  • La puntuación promedio es 18 de 20
Estadísticas de respuestas
km país % Correcto
0 Irak
100%
0 Pakistán
97%
0 Turquía
97%
596 India
95%
20 Kuwait
95%
0 Afganistán
94%
0 Azerbaiyán
94%
0 Turkmenistán
94%
182 Siria
93%
147 Arabia Saudita
92%
0 Armenia
92%
189 Georgia
91%
165 Rusia
91%
593 Tayikistán
91%
329 Uzbekistán
90%
188 Catar
88%
97 Emiratos Árabes Unidos
88%
342 Kazajistán
86%
191 Baréin
85%
51 Omán
85%
No se encontraron pruebas coincidentes
Distribución de puntuación
Porcentaje de gente con cada puntuación
Porcentaje por número respondido
Historial de tus puntuaciones
No has intentado esta prueba.